| 000 | 00353nam a22001217a 4500 | ||
|---|---|---|---|
| 999 |
_c2142 _d2142 |
||
| 005 | 20200909105306.0 | ||
| 008 | 200909b ||||| |||| 00| 0 eng d | ||
| 020 | _a0571065066 | ||
| 040 | _cCML | ||
| 245 |
_aThe Philosophy of Modern Art. _cRead, H. |
||
| 260 |
_aLondon _bFaber and Faber _c1964 |
||
| 942 |
_2ddc _cBK _e1st Edition _h701 _mREA |
||